|
|
|
|
| LEADER |
00000cam a2200000 7i4500 |
| 001 |
0000102913 |
| 005 |
20250429093000.0 |
| 008 |
250225s2024 my eng |
| 020 |
|
|
|a 9789670601458
|
| 040 |
|
|
|a UniSZA
|e rda
|
| 050 |
0 |
0 |
|a HF5616.M3
|b S58 2024
|
| 090 |
0 |
0 |
|a HF5616.M3
|b S58 2024
|
| 100 |
0 |
|
|a Siti-Nabiha Abdul Khalid ,
|e author
|
| 245 |
1 |
2 |
|a A management accounting model for Malaysian Ministries and the implementation challenges
|c Siti-Nabiha Abdul Khalid, Noriza Mohd Jamal, Rozaidy Mahadi
|
| 264 |
|
0 |
|a Sabak Bernam, Selangor :
|b Institut Perakaunan Negara
|c ©2024
|
| 264 |
|
4 |
|c ©2024
|
| 300 |
|
|
|a vi, 55 pages :
|b illustrations ;
|c 30 cm.
|
| 336 |
|
|
|a text
|2 rdacontent
|
| 337 |
|
|
|a unmediated
|2 rdamedia
|
| 338 |
|
|
|a volume
|2 rdacarrier
|
| 500 |
|
|
|a This project is sponsored by Accountant General's Department of Malaysia Under the initiative Geran Penyelidikan Perakaunan dan Kewangan Sektor Awam Jabatan Akauntan Negara Malaysia
|
| 504 |
|
|
|a Includes bibliographical references (pages 48-53)
|
| 505 |
0 |
|
|a 1. Introduction -- 2. Management accounting (MA) models and principles -- 3. Implimentation of the AGD SMARt framework -- 4. Recommendations -- 5. Conclusions
|
| 650 |
|
0 |
|a Accounting
|z Malaysia
|
| 650 |
|
0 |
|a Public administration
|z Malaysia
|
| 700 |
0 |
|
|a Noriza Mohd. Jamal ,
|e author
|
| 700 |
0 |
|
|a Rozaidy Mahadi ,
|e author
|
| 999 |
|
|
|a 1000187182
|b Book
|c OPEN SHELF (30 DAYS)
|e Gong Badak Campus
|